| 000 | 01952nam0a2200325 4500 | ||
|---|---|---|---|
| 001 | RU\NLR\BIBL_A\022351013 | ||
| 005 | 20260420015747.0 | ||
| 010 |
_a978-5-6052380-4-1 _950 |
||
| 021 |
_aRU _bКН-П-24-050860 _9КН-П-24-5057 |
||
| 035 | _a(NLR Aleph) 022351013 | ||
| 090 |
_a13667233 _c13667233 |
||
| 100 | _a20241011d2024 u y0rusy50 ca | ||
| 101 | 0 | _arus | |
| 102 | _aRU | ||
| 105 | _ay|||j|||000yy | ||
| 181 | 0 |
_ai4 _baxxe |
|
| 182 | 0 | _an | |
| 200 | 1 |
_aПсихология детей младшего школьного возраста _eучебное пособие _eсоответствует требованиям ФГОС ВО по направлению 44.03.02 "Психолого-педагогическое образование" _fА. В. Барнаш, Л. Н. Кобзева _gМинистерство образования и науки Российской Федерации, Государственное бюджетное образовательное учреждение высшего образования "Ставропольский государственный педагогический институт", филиал в г. Ессентуки |
|
| 203 |
_aТекст _bвизуальный _cнепосредственный |
||
| 210 |
_aПятигорск _cРИА-КМВ _d2024 |
||
| 215 |
_a87 с. _d21 |
||
| 320 | _aБиблиогр.: с. 86-87 | ||
| 606 | 1 |
_aДети младшего школьного возраста _jУчебные издания для высших учебных заведений _xПсихологические исследования _92225292 _3RU\NLR\AUTH\6601568864 |
|
| 686 | 1 | _aЮ983.402.1я73 | |
| 700 | 1 |
_aБарнаш _bА. В. _gАнна Владимировна |
|
| 701 | 1 |
_aКобзева _bЛ. Н. _gЛариса Николаевна |
|
| 942 | _cBOOK | ||
| 980 | _aNB | ||